| 000 | 00611nam a2200217 a 4500 | ||
|---|---|---|---|
| 001 | 42609 | ||
| 003 | BD-RjUL | ||
| 005 | 20211209053550.0 | ||
| 008 | 880808s19551953enk 000 0beng c | ||
| 035 | _a(BD-RjUL)42727 | ||
| 040 |
_beng _aBD-RjUL _cBD-RjUL |
||
| 041 | _aeng | ||
| 082 |
_223 _a330 _bPIA 1955 |
||
| 100 | 1 |
_aPigou, A. C. _9130818 |
|
| 245 | 0 | 0 |
_aAlfred Marshall and current thought / _cA. C. Pigou. |
| 260 |
_aLondon : _bMacmillan ; _c1953, [reprint 1955] |
||
| 300 |
_avii, 84 p. ; _c18 cm. |
||
| 650 |
_aMarshall, Alfred _y1842-1924 _9130995 |
||
| 650 |
_a Economie _9130902 |
||
| 942 |
_2ddc _cBK |
||
| 999 |
_c42609 _d42609 |
||